ბათუმის შოთა რუსთაველის სახელმწიფო უნივერსიტეტის ბიბლიოთეკა

Gray's anatomy : (ბიბ.ჩანაწერი № 57670)

000 -LEADER
fixed length control field 01230cam a22002777i 4500
001 - CONTROL NUMBER
control field 18775200
005 - DATE AND TIME OF LATEST TRANSACTION
control field 20221107111823.0
008 - FIXED-LENGTH DATA ELEMENTS--GENERAL INFORMATION
fixed length control field 150904s2016 nyu b 001 0 eng
010 ## - LIBRARY OF CONGRESS CONTROL NUMBER
LC control number 2015027527
020 ## - INTERNATIONAL STANDARD BOOK NUMBER
International Standard Book Number 9780702052309 (main edition)
020 ## - INTERNATIONAL STANDARD BOOK NUMBER
International Standard Book Number 9780702063060 (international edition paperback) 1
020 ## - INTERNATIONAL STANDARD BOOK NUMBER
Canceled/invalid ISBN 9780702068515 (PDF, EPUB) 1
020 ## - INTERNATIONAL STANDARD BOOK NUMBER
Canceled/invalid ISBN 9780702068522 (Inkling interactive ebook) 1
041 ## - LANGUAGE CODE
Language code of text/sound track or separate title eng
080 ## - UNIVERSAL DECIMAL CLASSIFICATION NUMBER
Universal Decimal Classification number 611 G-80
245 00 - TITLE STATEMENT
Title Gray's anatomy :
Remainder of title the anatomical basis of clinical practice /
Statement of responsibility, etc. editor-in-chief, Susan Standring, MBE, PhD, DSc, FKC, Hon FAS, Hon FRCS, Emeritus Professor of Anatomy, King's College London, London, UK ; section editors, Neel Anand [and 11 others].
250 ## - EDITION STATEMENT
Edition statement Forty-first edition.
264 #1 - PRODUCTION, PUBLICATION, DISTRIBUTION, MANUFACTURE, AND COPYRIGHT NOTICE
Place of production, publication, distribution, manufacture New York :
Name of producer, publisher, distributor, manufacturer Elsevier Limited,
Date of production, publication, distribution, manufacture, or copyright notice 2016.
300 ## - PHYSICAL DESCRIPTION
Extent xviii, 1562 pages :
Other physical details illustrations (some color) ;
Dimensions 31 cm
650 12 - SUBJECT ADDED ENTRY--TOPICAL TERM
Topical term or geographic name entry element Anatomy.
9 (RLIN) 9371
653 ## - INDEX TERM--UNCONTROLLED
keyword მედიცინა
653 ## - INDEX TERM--UNCONTROLLED
keyword ადამიანის ანატომია
700 1# - ADDED ENTRY--PERSONAL NAME
Personal name Standring, Susan,
Relator term editor.
9 (RLIN) 9372
776 08 - ADDITIONAL PHYSICAL FORM ENTRY
Relationship information Online version:
Title Gray's anatomy
Edition Forty-first edition.
Place, publisher, and date of publication New York : Elsevier Limited, 2016
International Standard Book Number 9780702068515
Record control number (DLC) 2015035346
942 ## - ADDED ENTRY ELEMENTS (KOHA)
Source of classification or shelving scheme
Koha item type წიგნი
ეგზემპლარები
Withdrawn status Lost status Source of classification or shelving scheme Damaged status Not for loan Permanent Location Current Location Shelving location Date acquired Cost, normal purchase price Full call number Barcode Date last seen Copy number Price effective from Koha item type Public note
          ბათუმის შოთა რუსთაველის სახელმწიფო უნივერსიტეტის მთავარი ბიბლიოთეკა ბათუმის შოთა რუსთაველის სახელმწიფო უნივერსიტეტის მთავარი ბიბლიოთეკა წიგნსაცავი 2020-09-02 531.00 611 G-80 60994 2020-09-02 60994 2020-09-02 წიგნი 531 ლ.